Statistics for Megafauna of North America

Click here to take the quiz!

General Stats

  • This quiz has been taken 49 times
    (28 since last reset)
  • The average score is 37 of 58

Answer Stats

OrderFamilyScientific NameCommon NameCurrent Range% Correct
CarnivoransFelidaePuma concolorCougarfrom western halves of southern Canada and contiguous US to Panama; also southern Florida
96%
CarnivoransUrsidaeUrsus arctosBrown Bearfrom Alaska and western Canada south to Wyoming
92%
CarnivoransCanidaeCanis lupusGrey WolfAlaska and the northern Rocky Mountain states + small portions of New Mexico and Sonora
92%
CarnivoransUrsidaeUrsus maritimusPolar BearAlaska and northern Canada
92%
CrocodiliansAlligatoridaeAlligator mississippiensisAmerican Alligatorcoastal plain from southern Florida to Texas and North Carolina; far northeast of Mexico
88%
RodentsCastoridaeCastor canadensisAmerican Beaverfrom Alaska and Newfoundland to northern Mexico
88%
Even-toed UngulatesBovidaeBison bisonAmerican Bisontiny pockets across Alaska, western Canada, and the contiguous US
88%
CarnivoransUrsidaeUrsus americanusAmerican Black Bearfrom Alaska and Newfoundland to northern Mexico
88%
Even-toed UngulatesCervidaeAlces alcesMoosemost of Alaska and Canada, the northern Rocky Mountain states of the US, the Great Lakes region, and New England
88%
Even-toed UngulatesCervidaeCervus canadensisElkwestern half of contiguous US and Canada, fragmented pockets throughout the east
83%
CarnivoransFelidaePanthera oncaJaguarfrom the Mexico-US border to Panama
83%
Even-toed UngulatesAntilocapridaeAntilocapra americanaPronghornSaskatchewan and Washington to Baja California and San Luis Potosí
83%
Even-toed UngulatesCervidaeRangifer arcticusArctic Cariboufrom Alaska and western Greenland to British Columbia and Alberta
79%
Odd-toed UngulatesEquidaeEquus caballusDomestic Horseintroduced across western half of Canada, contiguous US, and Mexico; various coastal Atlantic islands
79%
Even-toed UngulatesCervidaeRangifer groenlandicusGreenland Caribousouthern and eastern Greenland
79%
CarnivoransMustelidaeEnhydra lutrisSea OtterPacific coast
79%
CrocodiliansAlligatoridaeCaiman crocodilusSpectacled Caimanfrom southern Mexico to Panama; introduced to parts of southern Florida
79%
CarnivoransOdobenidaeOdobenus rosmarusWalrusBering and Arctic coasts of Alaska as well as northeastern Nunavut
79%
Even-toed UngulatesCervidaeRangifer caribouWoodland Cariboueastern Canada
79%
Odd-toed UngulatesTapiridaeTapirus bairdiiBaird’s Tapirfrom the Gulf Coast of Mexico to Panama
75%
CarnivoransOtariidaeZalophus californianusCalifornia Sea LionPacific coast from southern Mexico to southeast Alaska
75%
Even-toed UngulatesBovidaeOryx gazellaGemsbokintroduced to New Mexico, parts of Texas
75%
Even-toed UngulatesBovidaeOreamnos americanusMountain GoatRocky and Cascade ranges from southeast Alaska to Colorado
75%
Even-toed UngulatesBovidaeOvibos moschatusMusk Oxparts of coastal Alaska, High Arctic Nunavut, and Greenland
75%
Even-toed UngulatesCervidaeCervus elaphusRed Deerintroduced to south-central Texas
75%
Even-toed UngulatesCervidaeOdocoileus virginianusWhite-tailed Deerfrom southern Canada through all of the contiguous US (minus parts of the southwest) to all of Mexico and Central America
75%
Even-toed UngulatesSuidaeSus scrofa (x domestica)Wild Boarintroduced to southeast US and parts of California
75%
CrocodiliansCrocodylidaeCrocodylus acutusAmerican Crocodilesouthern Florida; all of Central America and the Yucatán Peninsula, and on the Pacific coast of Mexico as far north as Sonora
71%
Odd-toed UngulatesEquidaeEquus asinusDomestic Donkeyintroduced to southwestern US and Mexico
71%
CarnivoransPhocidaeMirounga angustirostrisNorthern Elephant SealPacific coast from Baja California to Aleutian Islands
71%
CarnivoransOtariidaeEumetopias jubatusSteller Sea LionPacific and Bering coasts
71%
Even-toed UngulatesBovidaeOvis canadensisBighorn Sheepfrom British Columbia and Alberta to Baja California and Sonora
67%
Even-toed UngulatesTayassuidaeDicotyles tajacuCollared Peccaryfrom southwest US to Panama
67%
Even-toed PeccaryTayassuidaeTayassu pecariWhite-lipped Peccaryfrom southeast Mexico to Panama
67%
CarnivoransPhocidaeHalichoerus grypusGrey Sealcoastal New England, the Gulf of Saint Lawrence, and Labrador
63%
SquamatesPythonidaePython bivittatusBurmese Pythonintroduced to southern and central Florida
58%
Even-toed UngulatesBovidaeOvis dalliDall Sheepnorthern Rocky Mountains as well as Alaska and Brooks ranges
58%
PilosansMyrmecophagidaeMyrmecophaga tridactylaGiant Anteaterparts of Panama, Costa Rica, Nicaragua, and Honduras
58%
CarnivoransPhocidaePhoca vitulinaHarbor SealPacific coast from Baja California to Aleutian Islands, Atlantic coast from Carolinas to Baffin Bay
58%
Even-toed UngulatesCervidaeOdocoileus hemionusMule Deerfrom southeastern Alaska and the Yukon to Baja California and San Luis Potosí
58%
Even-toed UngulatesCervidaeAxis axisChitalintroduced to Texas
50%
Even-toed UngulatesCervidaeDama damaEuropean Fallow Deerintroduced to Texas
46%
Even-toed UngulatesCervidaeCervus nipponSika Deerintroduced to Long Island, Delmarva Peninsula, and south-central Texas
46%
Even-toed UngulatesBovidaeCapra aegagrusBezoar Ibexintroduced to Florida Mountains WSA in New Mexico
42%
CarnivoransPhocidaePusa hispidaRinged SealBering, Arctic, and north Atlantic coasts
42%
Even-toed UngulatesBovidaeAntilope cervicapraBlackbuckintroduced to Texas
38%
CarnivoransOtariidaeArctocephalus townsendiGuadalupe Fur SealChannel Islands of California, Guadalupe Island of Mexico
38%
CarnivoransPhocidaeCystophora cristataHooded SealAtlantic coast from Gulf of Maine to Baffin Bay
38%
CrocodiliansCrocodylidaeCrocodylus moreletiiMorelet’s Crocodilethe Gulf Coast of Mexico and the Yucatán Peninsula
38%
Even-toed UngulatesBovidaeBoselaphus tragocamelusNilgaiintroduced to southern Texas
38%
CarnivoransOtariidaeCallorhinus ursinusNorthern Fur SealPacific and Bering coasts
38%
CarnivoransPhocidaeErignathus barbatusBearded SealBering and Arctic coasts of Alaska
33%
Even-toed UngulatesCervidaeMazama temamaCentral American Brocketfrom the Gulf Coast of Mexico to Panama
33%
CarnivoransPhocidaePhoca larghaSpotted SealBering and Arctic coasts of Alaska
33%
Even-toed UngulatesCervidaeOdocoileus pandoraYucatán Brown BrocketYucatán Peninsula
33%
TurtlesTestudinidaeGopherus flavomarginatusBolson Tortoisenorthwestern Mexico as well as small portions of Arizona and New Mexico
29%
CarnivoransPhocidaeHistriophoca fasciataRibbon SealBering and Arctic coasts of Alaska
29%
Even-toed UngulatesBovidaeAmmotragus lerviaAoudadintroduced to Texas and New Mexico, parts of California
21%

Score Distribution

Percentile by Number Answered

Percent of People with Each Score

Your Score History

You have not taken this quiz since the last reset